000 00788nam a22002177a 4500
005 20251108170805.0
008 250721s1997 xx 000 0 ara d
082 1 4 _a218.832/درا
100 1 _aأبو عبيد، عبد الله
245 1 0 _aدراسة في الفكر السياسي لحركة المقاومة الإسلامية ( حماس ) 1987-1996 /
264 1 _aعمان :
_bدار البشير للنشر و التوزيع،
_c1997.
300 _a376ص : 60P
490 0 _aدراسات ؛ 2
650 1 7 _aالحركات الإسلامية
650 1 7 _aالأحزاب السياسية
650 1 7 _aتاريخ فلسطين
700 1 _aالحمد، جواد
_eتحرير
700 1 _aالبرغوثي، إياد
_eتحرير
942 _2ddc
_cBK
999 _c49045
_d49045